Sports Quiz

Random Sports or NFL Quiz

NFL Yearly Sack Leaders Quiz Stats

Quiz not verified by Sporcle

Challenge
Share
Tweet
Embed
Score 0/32 Timer 07:00
0 Plays Today
Year Player % Correct
2012J.J. Watt
97.4%
2010DeMarcus Ware
96.4%
2011Jared Allen
95.9%
2008DeMarcus Ware
92.3%
2013Robert Mathis
89.1%
2003Michael Strahan
88.7%
2001Michael Strahan
88.7%
2004Dwight Freeney
82.5%
2002Jason Taylor
77.8%
2009Elvis Dumervil
72.7%
2006Shawne Merriman
69.6%
2007Jared Allen
58.2%
1988Reggie White
57.7%
1987Reggie White
57.7%
1986Lawrence Taylor
54.1%
1990Derrick Thomas
39.7%
Year Player % Correct
1985Richard Dent
37.6%
1997John Randle
36.6%
1994Kevin Greene
35.6%
1984Mark Gastineau
31.4%
1983Mark Gastineau
31.4%
1996Kevin Greene
26.3%
2000La'Roi Glover
24.2%
1993Neil Smith
20.6%
1989Chris Doleman
19.6%
1995Bryce Paup
18.6%
2005Derrick Burgess
18%
1999Kevin Carter
17.5%
1991Pat Swilling
17.5%
1992Clyde Simmons
12.9%
1998Michael Sinclair
6.2%
1982Doug Martin
4.6%

You're not logged in!

Compare scores with friends on all Sporcle quizzes.
Sign Up with Email
OR
Log In

You Might Also Like...

Show Comments

Extras

Top Quizzes Today


Score Distribution

Your Account Isn't Verified!

In order to create a playlist on Sporcle, you need to verify the email address you used during registration. Go to your Sporcle Settings to finish the process.